Acta oeconomica et iurudica Facultatis iuridicae Universitatis Comenianae

Bibliographic Details
Previous Title:Sborník Filozofickej fakulty Univerzity Komenského. Oeconomica
Format: Serial
Language:Slovak
PhysicalDescription:1 zv. tab.
Published: Bratislava Slovenské pedagogické nakladateľstvo 1974
Subjects:

MARC

LEADER 00000cas a2200000 a 4500
001 vtls008310121
003 SK-MaSNL
005 20260228155834.0
008 190102d19741974xo ar 000 0slo
015 |a SKSNBA1975/01-00035 (r. 1975) 
040 |a SNK  |b slo  |c SNK  |e AACR2 
041 0 |a slo  |b ger  |b rus 
044 |a xo  |c SK 
072 7 |a 33  |x Ekonómia  |2 konspekt 
080 |a 33  |2 2011 
080 |a (082)  |2 2011 
245 0 0 |a Acta oeconomica et iurudica Facultatis iuridicae Universitatis Comenianae 
260 |a Bratislava  |b Slovenské pedagogické nakladateľstvo  |c 1974 
300 |a 1 zv.  |b tab. 
310 |a 1x ročne 
362 0 |a (1975) 
504 |a Odkazy na lit. ; Pozn. 
546 |a Resumé rus. a nem. 
650 0 7 |a ekonómia  |2 SNKPH  |9 788 
650 0 7 |a Economics  |2 SNKPHeng  |9 265310 
655 7 |a zborníky  |2 SNKPH  |9 70165 
655 7 |a Papers of several authors  |2 SNKPHeng  |9 153738 
780 0 0 |t Sborník Filozofickej fakulty Univerzity Komenského. Oeconomica  |w vtls009947268 
910 |a snk 
958 |a ZB 
958 |a NB 
999 |c 718  |d 718 
952 |0 0  |1 0  |4 0  |7 0  |a SNK  |b SNK  |d 2000-02-22  |l 0  |o snkČSC 2120/1975  |p 17A0229225  |r 2005-01-02 00:00:00  |w 2026-02-21  |y PREZ 
952 |0 0  |1 0  |4 0  |7 0  |a SNK  |b SNK  |d 2008-05-06  |i snkKSP 145/75  |l 0  |o snkČSC 2120/1975 D1  |p 17A0585260  |r 2026-02-21 20:16:45  |w 2026-02-21  |y PREZ